An idol for others /

Furkejuvvon:
Bibliográfalaš dieđut
Váldodahkki: Merrick, Gordon (Dahkki)
Materiálatiipa: Girji
Giella:eaŋgalasgiella
Almmustuhtton: Los Angeles : Alyson, 1998
Fáddágilkorat: Lasit fáddágilkoriid
Eai fáddágilkorat, Lasit vuosttaš fáddágilkora!

MARC

LEADER 00000nam a22000007i 4500
001 IT\ICCU\UBO\2284060
003 ItRI
005 20260115231832.0
008 030904s1998 xxu|||||| ||||| |||||c
020 |a 1555832954 
040 |b ita  |c importazione bologna sebina 
041 7 |a eng  |2 ISO-639-2 
100 1 |a Merrick, Gordon  |0 IT\ICCU\TO0V\301136  |4 aut 
245 1 3 |a An idol for others /  |c Gordon Merrick. 
260 |a Los Angeles :  |b Alyson,  |c 1998 
300 |a 459 p. ;  |c 22 cm. 
942 |2 ddc  |c BK  |n 0 
952 |0 0  |1 0  |4 0  |6 DOC_813_540000000000000_MER  |7 0  |9 13838  |a BO  |b BO  |d 2026-01-15  |i 7646  |l 0  |o DOC 813.54 MER  |p BO7646  |r 2026-01-15 23:18:32  |w 2026-01-15  |x [Sebina 5] [1 v.]  |y BK  |z 1 v. 
999 |c 11910  |d 11910